The story of an american communist

Gorde:
Xehetasun bibliografikoak
Egile nagusia: Gates, John
Formatua: Liburua
Hizkuntza:Undetermined
Argitaratua: New York Nelson 1958
Gaiak:
Etiketak: Etiketa erantsi
Etiketarik gabe, Izan zaitez lehena erregistro honi etiketa jartzen!
Thư viện lưu trữ: Trung tâm Học liệu Trường Đại học Cần Thơ
LEADER 00455nam a2200181Ia 4500
001 CTU_77652
008 210402s9999 xx 000 0 und d
082 |a 923.373 
082 |b G259 
100 |a Gates, John 
245 4 |a The story of an american communist 
245 0 |c John Gates 
260 |a New York 
260 |b Nelson 
260 |c 1958 
650 |a Communism 
904 |i Bằng 
980 |a Trung tâm Học liệu Trường Đại học Cần Thơ